| 000 | 00441nam a22001697a 4500 | ||
|---|---|---|---|
| 005 | 20131129124809.0 | ||
| 010 | _aG-2356 | ||
| 020 |
_a0553343653 _c650.00 |
||
| 035 | _aG-2356 | ||
| 037 | _aGIFT | ||
| 100 | _aCousins,Norman | ||
| 245 |
_aAnatomy of an Illness _bas Perceived by the Patient/ _cby Anaorman Cousins |
||
| 260 |
_aNew York _bBantam _c1981 |
||
| 300 |
_a173p _c20cm.(pbk) |
||
| 942 |
_2ddc _cEN _mCOU |
||
| 999 |
_c80604 _d80604 |
||